00626pab a2200193 454500008004000000100002400040245008300064260000900147300001300156362001200169650001300181650001900194700003100213773004700244908000600291909001100297999001900308952010500327180718b2013 xxu||||| |||| 00| 0 eng d aKalra, Satish Kumar aBirds without wings: Women teacher perceptions and struggle for their identity c2013 ap.62-66. aJul-Sep aTeachers aWomen teachers aKunzru (Nee Raina), Rashmi aIndian Journal of Training and Development aN a103148 c103145d103145 00104070aIIPAbIIPAd2018-07-19hVolume no: 43, Issue no: 3pAR103608r2018-07-19w2018-07-19yAR